000 00875cam a2200289 a 4500
001 13374661
003 OSt
005 20230602100244.0
008 030819s2003 ke b 001 0 eng
010 _a 2003405452
020 _a9966940243
035 _a(DLC) 2003405452
040 _aDLC
_cDLC
_dDLC
042 _alcode
043 _af-ke---
082 0 0 _a342.6762
_222
_bONA
100 1 _aOnalo, P. L.
245 1 0 _aConstitution-making in Kenya /
_cP.L. Agweli Onalo.
246 1 _iAt head of title:
_aAfrican appraisal
260 _aNairobi :
_bTransafrica Press,
_c2003.
300 _axvi, 323 p. ;
_c21 cm.
504 _aIncludes bibliographical references (p. 318-319) and index.
650 0 _aConstitutional law
_zKenya.
906 _a7
_bcbc
_corigode
_d3
_encip
_f20
_gy-gencatlg
942 _2ddc
_cBK
999 _c44
_d44